000 01044cam a2200301 a 4500
001 60894
005 20230410105219.0
008 881115s1986 fr a b 000 0dfre
010 _a 88201959
035 _a(OCoLC)ocm22542665
040 _aDLC
_cDLC
_dOCLCG
035 _a(OCoLC)22542665
043 _ae-it---
_ae-fr---
050 1 4 _aDC34.5.I8
_bG146i 1986
082 0 0 _a305.85/10445823/09041
_220
100 1 _aGalasso, Edmond,
_d1961-
245 1 0 _aItaliens d'hier et d'aujourd'hui :
_bl'histoire d'un peuple d'émigrants : une communauté, une culture, une tradition /
_cpar Edmond Galasso.
260 _a[Lyon] :
_bE. Galasso,
_c[1986]
300 _a223 p. :
_bill. ;
_c22 cm.
502 _aThesis (master's)--Université Jean Moulin Lyon III, 1984.
504 _aIncludes bibliographical references (p. 198-203).
650 0 _aItalians
_zFrance
_xHistory.
650 0 _aImmigrants
_zFrance
_xHistory.
650 0 _aItalians
_zFrance
_zLyon Region
_vInterviews.
942 _2lcc
_cbk
994 _aC0
_bDRFGD
946 _aLspaulino
999 _c32226
_d32226